Bài tập nhiệt kỹ thuật /
Guardat en:
| Altres autors: | , , , |
|---|---|
| Format: | Sách giấy |
| Idioma: | Vietnamese |
| Publicat: |
H. :
Đại học và trung học chuyên nghiệp,
1978.
|
| Etiquetes: |
Afegir etiqueta
Sense etiquetes, Sigues el primer a etiquetar aquest registre!
|
| Thư viện lưu trữ: | Thư viện Trường Đại học Đà Lạt |
|---|
| LEADER | 00774nam a2200301 4500 | ||
|---|---|---|---|
| 001 | DLU140160314 | ||
| 005 | ##20140227 | ||
| 040 | # | # | |a DLU |b vie |
| 041 | # | # | |a vie |
| 044 | # | # | |a vn |
| 082 | # | # | |a 621.402 076 |b Bai |
| 245 | # | # | |a Bài tập nhiệt kỹ thuật / |c Trần Quang Nhạ, ... [và những người khác] |
| 260 | # | # | |a H. : |b Đại học và trung học chuyên nghiệp, |c 1978. |
| 300 | # | # | |a 263 tr. ; |c 22 cm. |
| 700 | # | # | |a Bùi Hải. |
| 700 | # | # | |a Hoàng Đình Tín. |
| 700 | # | # | |a Nguyễn Hoài Văn. |
| 700 | # | # | |a Trần Quang Nhạ. |
| 923 | # | # | |a TL |
| 991 | # | # | |a SH |
| 992 | # | # | |a 1,50 |
| 900 | # | # | |a True |
| 911 | # | # | |a Nguyễn Thị Tưởng |
| 925 | # | # | |a G |
| 926 | # | # | |a A |
| 927 | # | # | |a SH |
| 980 | # | # | |a Thư viện Trường Đại học Đà Lạt |